[Event "2007 WA Championship"]
[Site "Legacy House"]
[Date "2007.09.23"]
[Round "8"]
[White "Oswald, Franz"]
[Black "Sam, Ryan"]
[Result "0-1"]
[WhiteElo "1417"]
[BlackElo "1440"]

1. d4 d5 2. c4 e6 3. Nc3 Nf6 4. Bg5 Bb4 5. e3 Nc6 6. Bd3 Qe7 7. Ne2 Bd7 8.
cxd5 exd5 9. a3 Bxc3+ 10. Nxc3 Be6 11. Qb3 O-O-O 12. Na4 h6 13. Bxf6 gxf6
14. Rc1 Qd6 15. Nc5 Na5 16. Qc2 Rhg8 17. g3 Kb8 18. b4 Nc6 19. b5 Ne7 20.
a4 Bc8 21. a5 b6 22. axb6 cxb6 23. Nb3 Bg4 24. Be2 Bxe2 25. Qxe2 Rc8 26.
O-O Qb4 27. Rb1 Qc4 28. Qf3 Rg6 29. Qf4+ Ka8 30. Qd6 Qc7 31. Qxc7 Rxc7 32.
Rfc1 Kb7 33. Rxc7+ Kxc7 34. Rc1+ Kb7 35. Na1 f5 36. Kg2 Rd6 37. Nc2 a6 38.
bxa6+ Kxa6 39. Kf3 b5 40. Ra1+ Kb7 41. Nb4 Nc6 42. Nxc6 Rxc6 43. Rb1 Ka6
44. Rb2 Ka5 45. Ke2 b4 46. Kd2 Ka4 47. Rc2 Rxc2+ 48. Kxc2 Ka3 49. Kb1 b3
50. h3 h5 51. Ka1 b2+ 52. Kb1 Kb3 53. f3 f6 54. f4 Ka3 55. g4 fxg4 56. hxg4
hxg4 57. e4 g3 58. e5 g2 59. exf6 g1=Q+ 0-1

[Event "2007 WA Championship"]
[Site "Legacy House"]
[Date "2007.09.30"]
[Round "9"]
[White "Lakner, Jay"]
[Black "Fedec, John"]
[Result "1-0"]
[WhiteElo "2024"]
[BlackElo "1865"]

1. c4 c5 2. Nf3 Nf6 3. g3 d5 4. cxd5 Nxd5 5. Nc3 Nc6 6. Bg2 Nc7 7. O-O e5
8. d3 Be7 9. Nd2 Bd7 10. Nc4 f6 11. f4 b5 12. Ne3 exf4 13. gxf4 Rc8 14. a4
b4 15. Nb5 Nxb5 16. axb5 Nd4 17. Nc4 Bg4 18. Rf2 Nxb5 19. Ra5 Bd7 20. e3
O-O 21. Bd5+ Kh8 22. f5 Nc7 23. Be4 Bb5 24. Qh5 a6 25. Rg2 Ne8 26. Rg3 Bxc4
27. dxc4 Qxa5 28. Bd5 h6 29. Rxg7 Kxg7 30. Qg6+ 1-0

[Event "2007 WA Championship"]
[Site "Legacy House"]
[Date "2007.09.30"]
[Round "9"]
[White "Vlietstra, Marc"]
[Black "Sam, Ryan"]
[Result "1-0"]
[WhiteElo "1929"]
[BlackElo "1440"]

1. e4 e5 2. Bc4 Nf6 3. Nc3 Nc6 4. Nf3 Bc5 5. O-O d6 6. d3 Bg4 7. Ne2 Bxf3
8. gxf3 Nh5 9. Ng3 Nxg3 10. hxg3 Qf6 11. Kg2 Ne7 12. c3 g5 13. d4 Bb6 14.
Be3 O-O-O 15. a4 a6 16. a5 Ba7 17. Qc1 Qg7 18. Bxg5 f6 19. Bh6 Qg6 20. Be6+
Kb8 21. d5 Ng8 22. Be3 Bxe3 23. Qxe3 Nh6 24. Rh1 Nf7 25. b4 Ng5 26. Bf5 Qg7
27. b5 axb5 28. a6 b6 29. a7+ Ka8 30. Qe2 Qe7 31. Qxb5 Qe8 32. Qc4 Kb7 33.
a8=Q+ Rxa8 34. Bc8+ Rxc8 35. Qa6+ Kb8 36. Qa8# 1-0

[Event "2007 WA Championship"]
[Site "Legacy House"]
[Date "2007.09.30"]
[Round "9"]
[White "Ellis, David"]
[Black "Dunlop, Gordon"]
[Result "1/2-1/2"]
[WhiteElo "1956"]
[BlackElo "1857"]

1. Nf3 c5 2. g3 Nf6 3. Bg2 Nc6 4. c4 d5 5. O-O e5 6. cxd5 Nxd5 7. Nc3 Be6
8. d3 Be7 9. a3 O-O 10. Bd2 Rc8 11. Rb1 a6 12. e3 b5 13. Qe2 c4 14. d4 exd4
15. Nxd4 Nxd4 16. exd4 Bf6 17. Rbd1 Re8 18. Rfe1 Qd7 19. Nxd5 Bxd5 20. Be3
c3 21. bxc3 Rxc3 22. Qb2 Rec8 23. Rc1 Rxc1 24. Rxc1 Rxc1+ 25. Qxc1 Bxg2 26.
Kxg2 g6 27. Qc5 Qb7+ 28. d5 Bd8 29. Bh6 Qe7 30. Qd4 f5 31. Bd2 Qe4+ 32.
Qxe4 fxe4 33. f3 exf3+ 34. Kxf3 Kf7 35. Ke4 Bf6 36. g4 Ke7 37. Be1 Bb2 38.
Bb4+ Kd7 39. h4 a5 40. Bc5 h5 41. gxh5 gxh5 42. Kf5 Bc3 43. Kg5 b4 44. axb4
axb4 45. Bxb4 Bxb4 1/2-1/2

[Event "2007 WA Championship"]
[Site "Legacy House"]
[Date "2007.09.30"]
[Round "9"]
[White "Balaji, Shyam"]
[Black "Williams, Veronica"]
[Result "1/2-1/2"]
[WhiteElo "1274"]
[BlackElo "849"]

1. d4 d5 2. c4 Nf6 3. cxd5 Nxd5 4. e4 Nf6 5. Nc3 e5 6. d5 c6 7. a3 Qa5 8.
Bd2 Qd8 9. Bg5 Be7 10. Nf3 Bg4 11. Be2 Bxf3 12. Bxf3 O-O 13. Be3 Qd6 14. b4
a6 15. Na4 Nbd7 16. dxc6 Qxc6 17. Rc1 Qd6 18. Qb3 b5 19. Nc5 Rfc8 20. Rd1
Qc6 21. Nxd7 Nxd7 22. Bg4 Rd8 23. Bxd7 Rxd7 24. Rxd7 Qxd7 25. O-O Rd8 26.
Rc1 h6 27. h3 Qd3 28. Qxd3 Rxd3 29. Ra1 g5 30. Kf1 Rb3 31. Ke2 Kg7 32. Kd2
Rxa3 33. Rb1 Kg6 1/2-1/2